Proudly I am: a collection of motivational and other poetry on life, love and relationships

Guardat en:
Dades bibliogràfiques
Autor principal: MAYERS, Joke Laniyonu
Format: Llibre
Idioma:anglès
Publicat: Spectrum Books 2007
Etiquetes: Afegir etiqueta
Sense etiquetes, Sigues el primer a etiquetar aquest registre!

MARC

LEADER 00000nam a22000007a 4500
008 210126b ||||| |||| 00| 0 eng d
020 |a : 978-978-029-792-3 
100 |a MAYERS, Joke Laniyonu 
245 |a Proudly I am: a collection of motivational and other poetry on life, love and relationships  |c Joke Laniyonu Mayers 
260 |b Spectrum Books  |c 2007  |h Ibadan  |i 662276 – Afr.   |l PR9199.4 .M45  |m Poetry 
942 |a lcc  |c BK  |e Mr Ogunleye 
952 |0 0  |1 0  |2 lcc  |4 0  |6 PR91994 M45  |7 0  |9 1904  |a HOL  |b AC  |d 2021-01-26  |l 0  |o PR9199.4 .M45  |p 2021-5771  |r 2021-01-26 00:00:00  |w 2021-01-26  |y BK 
999 |c 1004  |d 1004